[Event "DEM U10 2023"]
[Site "Willingen GER"]
[Date "2023.05.29"]
[Round "4"]
[White "Ishcenko, Volodymyr"]
[Black "Baumann, Simon"]
[Result "1/2-1/2"]
[Termination "normal"]
[Board "22"]
[WhiteElo "1220"]
[BlackElo "1423"]
[WhiteClock "00:34:00"]
[BlackClock "00:55:17"]
[PlyCount "69"]
[WhiteFideId "34660208"]
[BlackFideId "34643664"]
[EventCountry "GER"]
[EventRounds "11"]
[EventType "swiss"]
[EventDate "2023.05.27"]

1. e4 {[%clk 01:15:58]} {[%emt 00:00:01]} e5 {[%clk 01:15:58]} {[%emt
00:00:02]} 2. Nf3 {[%clk 01:16:18]} {[%emt 00:00:10]} Nc6 {[%clk 01:16:23]}
{[%emt 00:00:06]} 3. Nc3 {[%clk 01:16:43]} {[%emt 00:00:05]} Nf6 {[%clk
01:16:47]} {[%emt 00:00:06]} 4. d4 {[%clk 01:17:06]} {[%emt 00:00:06]} exd4
{[%clk 01:13:36]} {[%emt 00:03:42]} 5. Nxd4 {[%clk 01:17:29]} {[%emt 00:00:08]}
d5 {[%clk 01:10:31]} {[%emt 00:03:35]} 6. exd5 {[%clk 01:12:12]} {[%emt
00:05:47]} Nxd5 {[%clk 01:07:55]} {[%emt 00:03:05]} 7. Nxd5 {[%clk 01:11:40]}
{[%emt 00:01:01]} Qxd5 {[%clk 01:07:48]} {[%emt 00:00:37]} 8. Nxc6 {[%clk
01:11:20]} {[%emt 00:00:50]} Qxd1+ {[%clk 01:08:10]} {[%emt 00:00:08]} 9. Kxd1
{[%clk 01:11:42]} {[%emt 00:00:09]} bxc6 {[%clk 01:08:31]} {[%emt 00:00:10]}
10. Bf4 {[%clk 01:10:05]} {[%emt 00:02:04]} Bd6 {[%emt 00:04:26]} 11. Bxd6
{[%clk 01:05:42]} {[%emt 00:00:50]} cxd6 {[%clk 01:09:05]} {[%emt 00:00:06]}
12. Bd3 {[%clk 01:03:30]} {[%emt 00:02:40]} O-O {[%clk 01:08:55]} {[%emt
00:00:43]} 13. Re1 {[%clk 01:03:29]} {[%emt 00:00:26]} Bb7 {[%clk 01:08:21]}
{[%emt 00:01:09]} 14. Re7 {[%clk 01:03:10]} {[%emt 00:00:45]} Rab8 {[%clk
01:08:23]} {[%emt 00:00:32]} 15. Rd7 {[%clk 00:57:07]} {[%emt 00:06:18]} Rfd8
{[%clk 01:07:43]} {[%emt 00:01:25]} 16. Rxd8+ {[%clk 00:56:44]} {[%emt
00:00:53]} Rxd8 {[%clk 01:08:04]} {[%emt 00:00:08]} 17. Kd2 {[%clk 00:56:57]}
{[%emt 00:00:13]} Re8 {[%clk 01:08:30]} {[%emt 00:00:07]} 18. Re1 {[%clk
00:57:09]} {[%emt 00:00:16]} Rxe1 {[%clk 01:08:45]} {[%emt 00:00:19]} 19. Kxe1
{[%clk 00:57:33]} {[%emt 00:00:06]} c5 {[%clk 01:09:12]} {[%emt 00:00:03]} 20.
f3 {[%clk 00:56:25]} {[%emt 00:01:35]} g6 {[%clk 01:09:25]} {[%emt 00:00:20]}
21. Kd2 {[%clk 00:55:48]} {[%emt 00:01:01]} Kg7 {[%clk 01:09:53]} {[%emt
00:00:07]} 22. Ke3 {[%clk 00:55:05]} {[%emt 00:01:13]} Kf6 {[%clk 01:09:30]}
{[%emt 00:00:52]} 23. Be4 {[%clk 00:48:37]} {[%emt 00:06:57]} d5 {[%clk
01:09:06]} {[%emt 00:00:57]} 24. Bd3 {[%clk 00:48:57]} {[%emt 00:00:10]} h5
{[%emt 00:03:53]} 25. h4 {[%clk 00:48:00]} Ke5 {[%clk 01:02:58]} {[%emt
00:04:41]} 26. f4+ {[%clk 00:44:01]} {[%emt 00:04:27]} Ke6 {[%clk 01:02:51]}
{[%emt 00:00:36]} 27. c3 {[%clk 00:42:24]} {[%emt 00:02:10]} f5 {[%clk
01:01:35]} {[%emt 00:01:46]} 28. g3 {[%clk 00:41:37]} {[%emt 00:01:15]} a5
{[%clk 01:00:16]} {[%emt 00:01:51]} 29. Bb5 {[%clk 00:40:48]} {[%emt 00:01:17]}
Bc8 {[%clk 00:58:55]} {[%emt 00:01:52]} 30. Be8 {[%clk 00:41:01]} {[%emt
00:00:16]} Kf6 {[%clk 00:58:59]} {[%emt 00:00:27]} 31. a3 {[%clk 00:39:43]}
{[%emt 00:01:45]} Be6 {[%clk 00:58:27]} {[%emt 00:01:04]} 32. Kd3 {[%clk
00:36:47]} {[%emt 00:03:27]} Bf7 {[%clk 00:58:24]} {[%emt 00:00:33]} 33. Bb5
{[%clk 00:35:22]} {[%emt 00:01:52]} Ke7 {[%clk 00:57:00]} {[%emt 00:01:55]} 34.
b4 {[%clk 00:34:53]} {[%emt 00:00:58]} axb4 {[%clk 00:55:17]} {[%emt 00:02:15]}
35. axb4 {[%clk 00:34:00]} {[%emt 00:01:23]} 1/2-1/2

[Event "DEM U10 2023"]
[Site "Willingen GER"]
[Date "2023.05.29"]
[Round "4"]
[White "Weibrecht, Theo"]
[Black "Shivkumar, Shreyas"]
[Result "0-1"]
[Termination "normal"]
[Board "23"]
[WhiteElo "1170"]
[BlackElo "1394"]
[WhiteClock "01:00:24"]
[BlackClock "01:15:20"]
[PlyCount "60"]
[WhiteFideId "34660240"]
[BlackFideId "34638407"]
[EventCountry "GER"]
[EventRounds "11"]
[EventType "swiss"]
[EventDate "2023.05.27"]

1. e4 {[%clk 01:15:59]} c6 {[%clk 01:15:56]} {[%emt 00:00:04]} 2. d4 {[%clk
01:16:20]} {[%emt 00:00:08]} d5 {[%clk 01:16:20]} {[%emt 00:00:06]} 3. e5
{[%clk 01:16:36]} {[%emt 00:00:14]} Bf5 {[%clk 01:16:42]} {[%emt 00:00:08]} 4.
Bf4 {[%clk 01:16:24]} {[%emt 00:00:41]} e6 {[%clk 01:16:46]} {[%emt 00:00:27]}
5. Nc3 {[%clk 01:16:34]} {[%emt 00:00:16]} Ne7 {[%clk 01:16:55]} {[%emt
00:00:26]} 6. Nf3 {[%clk 01:16:57]} {[%emt 00:00:06]} Ng6 {[%clk 01:17:01]}
{[%emt 00:00:25]} 7. Bg5 {[%clk 01:17:08]} {[%emt 00:00:12]} Qb6 {[%clk
01:16:48]} {[%emt 00:00:50]} 8. Rb1 {[%clk 01:16:54]} {[%emt 00:00:38]} c5
{[%clk 01:16:56]} {[%emt 00:00:27]} 9. Bb5+ {[%clk 01:16:47]} {[%emt 00:00:34]}
Nc6 {[%clk 01:16:49]} {[%emt 00:00:41]} 10. O-O {[%clk 01:14:58]} {[%emt
00:02:19]} Qc7 {[%clk 01:15:21]} {[%emt 00:01:58]} 11. dxc5 {[%clk 01:14:03]}
{[%emt 00:01:22]} Bxc5 {[%clk 01:15:38]} {[%emt 00:00:16]} 12. Na4 {[%clk
01:13:57]} {[%emt 00:00:29]} Be7 {[%clk 01:15:36]} {[%emt 00:00:39]} 13. Be3
{[%emt 00:00:58]} Ngxe5 {[%emt 00:01:25]} 14. Nxe5 {[%emt 00:01:42]} Qxe5
{[%emt 00:00:17]} 15. Bd4 {[%clk 01:09:29]} {[%emt 00:00:28]} Qc7 {[%clk
01:14:32]} {[%emt 00:01:42]} 16. Bxg7 {[%clk 01:09:34]} {[%emt 00:00:18]} Rg8
{[%clk 01:14:45]} {[%emt 00:00:25]} 17. Bd4 {[%clk 01:08:41]} {[%emt 00:00:54]}
Bh3 {[%clk 01:14:53]} {[%emt 00:00:51]} 18. Qf3 {[%emt 00:02:30]} Rxg2+ {[%emt
00:00:17]} 19. Qxg2 {[%clk 01:05:27]} {[%emt 00:00:49]} Bxg2 {[%clk 01:14:58]}
{[%emt 00:00:33]} 20. Kxg2 {[%emt 00:00:09]} O-O-O {[%emt 00:00:07]} 21. Bxc6
{[%clk 01:05:19]} {[%emt 00:00:14]} Qxc6 {[%clk 01:14:17]} {[%emt 00:01:20]}
22. Nc3 {[%clk 01:03:28]} {[%emt 00:02:17]} e5 {[%clk 01:14:18]} {[%emt
00:00:33]} 23. Bxa7 {[%emt 00:01:52]} Rg8+ {[%emt 00:00:17]} 24. Kf3 {[%clk
01:00:29]} {[%emt 00:01:17]} d4+ {[%clk 01:13:49]} {[%emt 00:01:02]} 25. Ke2
{[%emt 00:00:15]} dxc3 {[%emt 00:00:23]} 26. bxc3 {[%clk 00:59:44]} {[%emt
00:00:21]} Qa6+ {[%clk 01:14:18]} {[%emt 00:00:16]} 27. Kd2 {[%clk 00:59:49]}
{[%emt 00:00:20]} Rd8+ {[%clk 01:14:28]} {[%emt 00:00:25]} 28. Bd4 {[%clk
01:00:01]} {[%emt 00:00:16]} Bg5+ {[%clk 01:14:37]} {[%emt 00:00:23]} 29. Ke1
{[%clk 01:00:12]} {[%emt 00:00:17]} exd4 {[%clk 01:14:59]} {[%emt 00:00:11]}
30. Rd1 {[%clk 01:00:24]} {[%emt 00:00:11]} Re8# {[%clk 01:15:20]} {[%emt
00:00:14]} 0-1

[Event "DEM U10 2023"]
[Site "Willingen GER"]
[Date "2023.05.29"]
[Round "4"]
[White "Haas, Leandro"]
[Black "Prashanthakumar, Arnesh"]
[Result "1/2-1/2"]
[Termination "normal"]
[Board "26"]
[WhiteElo "1337"]
[BlackElo "1395"]
[WhiteClock "01:18:04"]
[BlackClock "00:40:54"]
[PlyCount "58"]
[WhiteFideId "34632549"]
[BlackFideId "34604073"]
[EventCountry "GER"]
[EventRounds "11"]
[EventType "swiss"]
[EventDate "2023.05.27"]

1. e4 {[%clk 01:15:59]} e5 {[%clk 01:15:50]} {[%emt 00:00:10]} 2. Nf3 {[%clk
01:16:24]} {[%emt 00:00:05]} Nc6 {[%clk 01:15:58]} {[%emt 00:00:22]} 3. Bc4
{[%clk 01:16:46]} {[%emt 00:00:08]} Bc5 {[%clk 01:15:43]} {[%emt 00:00:45]} 4.
c3 {[%clk 01:17:10]} {[%emt 00:00:06]} Nf6 {[%clk 01:15:39]} {[%emt 00:00:34]}
5. b4 {[%clk 01:17:33]} {[%emt 00:00:07]} Bb6 {[%clk 01:15:41]} {[%emt
00:00:27]} 6. d3 {[%clk 01:17:49]} {[%emt 00:00:15]} d6 {[%clk 01:15:35]}
{[%emt 00:00:36]} 7. Nbd2 {[%clk 01:18:15]} {[%emt 00:00:05]} Bg4 {[%clk
01:15:30]} {[%emt 00:00:34]} 8. Bb3 {[%clk 01:18:29]} {[%emt 00:00:16]} a6
{[%clk 01:14:48]} {[%emt 00:01:12]} 9. Nc4 {[%clk 01:18:48]} {[%emt 00:00:11]}
Ba7 {[%clk 01:14:14]} {[%emt 00:01:04]} 10. Be3 {[%clk 01:18:53]} {[%emt
00:00:25]} h6 {[%clk 01:10:31]} {[%emt 00:04:13]} 11. Bxa7 {[%clk 01:19:14]}
{[%emt 00:00:10]} Nxa7 {[%clk 01:10:27]} {[%emt 00:00:33]} 12. Ne3 {[%clk
01:19:32]} {[%emt 00:00:11]} Bh5 {[%clk 01:09:47]} {[%emt 00:01:11]} 13. a4
{[%clk 01:19:28]} {[%emt 00:00:36]} Nc6 {[%clk 01:08:28]} {[%emt 00:01:49]} 14.
O-O {[%clk 01:19:32]} {[%emt 00:00:26]} Ng4 {[%clk 01:07:17]} {[%emt 00:01:40]}
15. Nf5 {[%clk 01:19:36]} {[%emt 00:00:25]} O-O {[%clk 01:03:07]} {[%emt
00:04:41]} 16. Ng3 {[%clk 01:19:02]} {[%emt 00:01:04]} Bg6 {[%clk 01:02:06]}
{[%emt 00:01:31]} 17. h3 {[%clk 01:19:06]} {[%emt 00:00:26]} Nf6 {[%clk
01:01:54]} {[%emt 00:00:42]} 18. Nh4 {[%clk 01:19:19]} {[%emt 00:00:17]} Bh7
{[%clk 01:01:05]} {[%emt 00:01:18]} 19. Nhf5 {[%clk 01:19:27]} {[%emt
00:00:23]} Bxf5 {[%clk 00:57:50]} {[%emt 00:03:45]} 20. Nxf5 {[%clk 01:18:12]}
{[%emt 00:01:45]} Ne7 {[%clk 00:56:17]} {[%emt 00:02:03]} 21. Nxe7+ {[%clk
01:18:16]} {[%emt 00:00:26]} Qxe7 {[%clk 00:56:33]} {[%emt 00:00:14]} 22. Re1
{[%clk 01:18:34]} {[%emt 00:00:12]} Qd7 {[%clk 00:55:04]} {[%emt 00:01:59]} 23.
Qc2 {[%clk 01:18:25]} {[%emt 00:00:40]} Rfe8 {[%clk 00:53:52]} {[%emt
00:01:40]} 24. Rad1 {[%clk 01:18:41]} {[%emt 00:00:15]} c6 {[%clk 00:51:26]}
{[%emt 00:02:56]} 25. d4 {[%clk 01:18:44]} {[%emt 00:00:27]} exd4 {[%clk
00:45:45]} {[%emt 00:06:10]} 26. cxd4 {[%clk 01:19:05]} {[%emt 00:00:09]} Qc7
{[%clk 00:42:42]} {[%emt 00:03:32]} 27. d5 {[%clk 01:18:53]} {[%emt 00:00:42]}
Rac8 {[%clk 00:41:40]} {[%emt 00:01:33]} 28. dxc6 {[%clk 01:19:02]} {[%emt
00:00:21]} bxc6 {[%clk 00:40:54]} {[%emt 00:01:16]} 29. a5 {[%clk 01:18:04]}
{[%emt 00:01:29]} c5 {[%emt 00:09:31]} 1/2-1/2

[Event "DEM U10 2023"]
[Site "Willingen GER"]
[Date "2023.05.29"]
[Round "4"]
[White "Khanbekyan, Aram"]
[Black "Bremermann, Jakow"]
[Result "1/2-1/2"]
[Termination "normal"]
[Board "28"]
[WhiteElo "1328"]
[BlackElo "787"]
[WhiteClock "00:32:37"]
[BlackClock "00:24:22"]
[PlyCount "66"]
[WhiteFideId "34606149"]
[BlackFideId "34660160"]
[EventCountry "GER"]
[EventRounds "11"]
[EventType "swiss"]
[EventDate "2023.05.27"]

1. e4 {[%clk 01:15:58]} {[%emt 00:00:02]} e5 {[%clk 01:15:56]} {[%emt
00:00:04]} 2. Nf3 {[%clk 01:16:20]} {[%emt 00:00:07]} Nc6 {[%clk 01:16:15]}
{[%emt 00:00:11]} 3. d4 {[%clk 01:16:41]} {[%emt 00:00:09]} exd4 {[%clk
01:16:34]} {[%emt 00:00:11]} 4. Bc4 {[%clk 01:16:59]} {[%emt 00:00:12]} Bc5
{[%clk 01:16:24]} {[%emt 00:00:41]} 5. c3 {[%clk 01:17:14]} {[%emt 00:00:14]}
d3 {[%clk 01:15:10]} {[%emt 00:01:44]} 6. Qxd3 {[%clk 01:13:38]} {[%emt
00:04:06]} d6 {[%clk 01:14:41]} {[%emt 00:00:59]} 7. Bf4 {[%clk 01:12:41]}
{[%emt 00:01:27]} h6 {[%clk 01:13:41]} {[%emt 00:01:31]} 8. O-O {[%clk
01:11:26]} {[%emt 00:01:45]} Nf6 {[%clk 01:13:09]} {[%emt 00:01:01]} 9. Nbd2
{[%clk 01:10:04]} {[%emt 00:01:49]} Be6 {[%clk 01:11:35]} {[%emt 00:02:08]} 10.
Bd5 {[%clk 01:02:31]} {[%emt 00:08:03]} O-O {[%clk 01:02:59]} {[%emt 00:09:05]}
11. Nb3 {[%clk 00:59:49]} {[%emt 00:03:13]} Qd7 {[%clk 00:56:54]} {[%emt
00:06:35]} 12. Nfd4 {[%clk 00:58:39]} {[%emt 00:01:41]} Bxd4 {[%clk 00:53:53]}
{[%emt 00:03:30]} 13. Bxe6 {[%clk 00:55:38]} {[%emt 00:03:30]} Bxf2+ {[%clk
00:46:31]} {[%emt 00:07:52]} 14. Rxf2 {[%clk 00:54:20]} {[%emt 00:01:48]} Qxe6
{[%emt 00:03:41]} 15. Re2 {[%clk 00:51:01]} {[%emt 00:00:24]} Rfe8 {[%clk
00:44:25]} {[%emt 00:02:47]} 16. Nd2 {[%clk 00:49:22]} {[%emt 00:02:08]} Ne5
{[%clk 00:37:56]} {[%emt 00:06:59]} 17. Qg3 {[%clk 00:46:32]} {[%emt 00:03:23]}
Qg4 {[%clk 00:34:10]} {[%emt 00:04:15]} 18. Re3 {[%clk 00:44:56]} {[%emt
00:02:06]} a6 {[%clk 00:28:38]} {[%emt 00:06:03]} 19. Bxh6 {[%clk 00:43:25]}
{[%emt 00:02:02]} Qxg3 {[%clk 00:27:42]} {[%emt 00:01:25]} 20. Rxg3 {[%clk
00:42:18]} {[%emt 00:01:35]} g6 {[%clk 00:27:40]} {[%emt 00:00:35]} 21. h4
{[%clk 00:41:49]} {[%emt 00:00:59]} Nh5 {[%clk 00:27:22]} {[%emt 00:00:47]} 22.
Re3 {[%clk 00:39:35]} {[%emt 00:02:28]} Ng4 {[%clk 00:27:02]} {[%emt 00:01:06]}
23. Rf1 {[%clk 00:36:14]} {[%emt 00:03:18]} Nxe3 {[%clk 00:26:08]} {[%emt
00:01:57]} 24. Bxe3 {[%clk 00:36:31]} {[%emt 00:00:14]} d5 {[%clk 00:26:03]}
{[%emt 00:00:35]} 25. g4 {[%clk 00:36:19]} {[%emt 00:00:42]} Ng3 {[%clk
00:25:19]} {[%emt 00:01:12]} 26. Rf3 {[%clk 00:34:00]} {[%emt 00:02:38]} Nxe4
{[%clk 00:25:38]} {[%emt 00:00:23]} 27. Nxe4 {[%clk 00:34:06]} {[%emt
00:00:25]} dxe4 {[%clk 00:25:56]} {[%emt 00:00:12]} 28. Rg3 {[%clk 00:34:13]}
{[%emt 00:00:23]} Rad8 {[%clk 00:26:07]} {[%emt 00:00:15]} 29. h5 {[%clk
00:34:16]} {[%emt 00:00:31]} Rd1+ {[%clk 00:26:21]} {[%emt 00:00:15]} 30. Kh2
{[%clk 00:34:06]} {[%emt 00:00:33]} gxh5 {[%clk 00:25:45]} {[%emt 00:01:12]}
31. gxh5+ {[%clk 00:34:24]} {[%emt 00:00:12]} Kh7 {[%clk 00:24:53]} {[%emt
00:01:23]} 32. h6 {[%clk 00:33:52]} {[%emt 00:01:00]} Rg8 {[%clk 00:25:04]}
{[%emt 00:00:19]} 33. Rh3 {[%clk 00:32:37]} {[%emt 00:01:39]} Rd3 {[%clk
00:24:22]} {[%emt 00:01:19]} 1/2-1/2